000 00482nam a2200181Ia 4500
001 1058
005 20260306140604.0
008 260306t1978||||xx |||||||||||||| ||spa||
041 _aESP
082 _a180
_bH447 T. 6
100 _aUrdánoz, Teófilo
_eAUT
245 0 _aHistoria de la filosofía VI:
_bsiglo XX: de Bergson al final del existencialismo
260 _c1978
300 _axiv, 773 páginas :
_c20 cm.
650 _aGEN
654 _aCHU
942 _cLIB
_dJUS
_fJUS
_2ddc
_n
999 _c1058
_d1058